Hát chầu văn

Tìm hiểu, nghiên cứu nội dung, văn bản các giá hát chầu văn cổ truyền: văn công đồng, văn Đức Thánh Trần, văn Liễu Hạnh công chúa, văn chầu đệ nhất Vân Đình, văn chầu đệ nhị, văn đông cuông tuần quán......

Descripció completa

Guardat en:
Dades bibliogràfiques
Autor principal: Bùi, Đình Thảo
Format: Llibre
Idioma:Undetermined
Publicat: Hà Nội Hội Nhà văn 2012
Matèries:
Etiquetes: Afegir etiqueta
Sense etiquetes, Sigues el primer a etiquetar aquest registre!
Thư viện lưu trữ: Trung tâm Học liệu Trường Đại học Cần Thơ
LEADER 00883nam a2200193Ia 4500
001 CTU_189334
008 210402s9999 xx 000 0 und d
082 |a 781.62 
082 |b Th108 
100 |a Bùi, Đình Thảo 
245 0 |a Hát chầu văn 
245 0 |c Bùi Đình Thảo, Nguyễn Quang Hải 
260 |a Hà Nội 
260 |b Hội Nhà văn 
260 |c 2012 
520 |a Tìm hiểu, nghiên cứu nội dung, văn bản các giá hát chầu văn cổ truyền: văn công đồng, văn Đức Thánh Trần, văn Liễu Hạnh công chúa, văn chầu đệ nhất Vân Đình, văn chầu đệ nhị, văn đông cuông tuần quán... 
650 |a Folk songs, vietnamese,Nhạc dân gian Việt Nam 
904 |i Giang 
980 |a Trung tâm Học liệu Trường Đại học Cần Thơ